A study on the causes, effects, and solutions to examination malpractices in mathematics at three selected secondary schools in Kitwe urban district (Record no. 84064)

MARC details
000 -LEADER
fixed length control field 00941 a2200265 4500
003 - CONTROL NUMBER IDENTIFIER
control field CBULib
005 - DATE AND TIME OF LATEST TRANSACTION
control field 20240129104332.0
008 - FIXED-LENGTH DATA ELEMENTS--GENERAL INFORMATION
fixed length control field 240118b |||||||| |||| 00| 0 eng d
040 ## - CATALOGING SOURCE
Original cataloging agency CBULib
Language of cataloging English
Transcribing agency CBULib
Description conventions rda
041 ## - LANGUAGE CODE
Language code of text/sound track or separate title eng
050 ## - LIBRARY OF CONGRESS CALL NUMBER
Classification number CBU-PG THESIS/MAL
100 ## - MAIN ENTRY--PERSONAL NAME
Personal name Malama, Nancy
9 (RLIN) 2266
245 ## - TITLE STATEMENT
Title A study on the causes, effects, and solutions to examination malpractices in mathematics at three selected secondary schools in Kitwe urban district
Statement of responsibility, etc / by Nancy Malama
260 ## - PUBLICATION, DISTRIBUTION, ETC. (IMPRINT)
Name of publisher, distributor, etc Copperbelt University,
Date of publication, distribution, etc 2022.
Place of publication, distribution, etc Kitwe:
300 ## - PHYSICAL DESCRIPTION
Extent xiii, 60 pages : illustrations
336 ## - CONTENT TYPE
Source rdacontent
Content type term Text |
Content type code txt
337 ## - MEDIA TYPE
Source rdamedia
Media type term Unmediated |
Media type code n
338 ## - CARRIER TYPE
Source rdacarrier
Carrier type term Volume
Carrier type code nc
500 ## - GENERAL NOTE
General note includes bibliographical references and appendices
650 #0 - SUBJECT ADDED ENTRY--TOPICAL TERM
9 (RLIN) 926
Topical term or geographic name as entry element MATHEMATICS
650 #0 - SUBJECT ADDED ENTRY--TOPICAL TERM
9 (RLIN) 1316
Topical term or geographic name as entry element EXAMINATIONS
650 #0 - SUBJECT ADDED ENTRY--TOPICAL TERM
9 (RLIN) 2267
Topical term or geographic name as entry element EXAMINATION MALPRACTICES
650 #0 - SUBJECT ADDED ENTRY--TOPICAL TERM
9 (RLIN) 2024
Topical term or geographic name as entry element KITWE DISTRICT
942 ## - ADDED ENTRY ELEMENTS (KOHA)
Source of classification or shelving scheme
Koha item type UNIVERSITY COLLECTION
Holdings
Withdrawn status Lost status Source of classification or shelving scheme Damaged status Not for loan Collection code Permanent Location Current Location Shelving location Date acquired Source of acquisition Total Checkouts Full call number Barcode Date last seen Price effective from Koha item type
          Special Collections CBU-MAIN LIBRARY, KITWE. CBU-MAIN LIBRARY, KITWE. Special Collections 01/18/2024 DEP-CBU   CBU-PG THESIS/MAL B84064 01/18/2024 01/18/2024 UNIVERSITY COLLECTION